Cementové kompozity s využitím rôznych druhov kovových vlákien

Salvato in:
Dettagli Bibliografici
Autore principale: Šuška, Dávid (Autore)
Altri autori: Gregorová, Valéria (Relatore della tesi)
Natura: Manoscritto Libro
Lingua:slovacco
Pubblicazione: 2020
Soggetti:
Accesso online:http://is.stuba.sk/zp/portal_zp.pl?podrobnosti=152283
https://opac.crzp.sk/?fn=detailBiblioForm&sid=F0D9EA643ED4040319EC171BE0B8
Tags: Aggiungi Tag
Nessun Tag, puoi essere il primo ad aggiungerne!!

MARC

LEADER 00000ntm a22000003a 4500
001 stuzp78975
003 SK-STU
005 20230524085035.2
007 ta
008 150427s2015----xo-----f-mn---000-0-slo-d
040 |a STU  |b slo 
041 0 |a slo 
100 1 |a Šuška, Dávid  |u 010260  |4 aut  |U SvF Stavebná fakulta  |T SvF Katedra materiálového inžinierstva  |X 75728  |U V260  |Y 27  |7 75728 
242 0 1 |a Cement composites using various types of metallic fibres  |y eng 
245 1 0 |a Cementové kompozity s využitím rôznych druhov kovových vlákien 
260 |c 2020 
650 4 |a vláknobetón  |2 slo 
650 4 |a oceľové vlákna  |2 slo 
650 4 |a odpadové oceľové vlákna  |2 slo 
650 4 |a fiber concrete  |2 eng 
650 4 |a steel fibres  |2 eng 
650 4 |a waste steel fibres  |2 eng 
700 1 |a Gregorová, Valéria  |u 010260  |k Z1  |4 ths  |U SvF Stavebná fakulta  |T SvF Katedra materiálového inžinierstva  |X 39102  |U V260  |Y 27  |7 A000039102 
856 4 |u http://is.stuba.sk/zp/portal_zp.pl?podrobnosti=152283 
856 4 |u https://opac.crzp.sk/?fn=detailBiblioForm&sid=F0D9EA643ED4040319EC171BE0B8